[Event "Valasska Bystrice op 11th"]
[Site "Valasska Bystrice"]
[Date "2019.09.10"]
[Round "5"]
[White "Vanhara, Petr"]
[Black "Musil, Vitezslav"]
[Result "1/2-1/2"]
[WhiteElo "1722"]
[BlackElo "1949"]
[PlyCount "69"]
[EventDate "2019.09.07"]
[EventType "swiss"]
[EventRounds "9"]
[EventCountry "CZE"]
[SourceTitle "EXT 2020"]
[Source "ChessBase"]
[SourceDate "2019.10.17"]
[SourceVersion "1"]
[SourceVersionDate "2019.10.17"]
[SourceQuality "1"]

1. d4 Nf6 2. c4 g6 3. Nf3 Bg7 4. g3 0-0 5. Bg2 d6 6. Nc3 Bg4 7. h3 Bxf3 8. Bxf3 Nc6 9. e4 e5 10. Be3 Re8 11. d5 Nd4 12. Bg2 c5 13. 0-0 a6 14. a3 Qd7 15. Rc1 b5 16. b4 cxb4 17. axb4 bxc4 18. Ne2 Rac8 19. Nxd4 exd4 20. Bxd4 Qb5 21. Bc3 Nd7 22. Bxg7 Kxg7 23. Qd4+ f6 24. Rb1 Rc7 25. Rfc1 Rec8 26. f4 Qb7 27. h4 c3 28. Bf1 c2 29. Ra1 Nb8 30. e5 fxe5 31. fxe5 dxe5 32. Qxe5+ Kg8 33. Qd4 Rc3 34. Kh2 Qf7 35. Bg2 1/2-1/2

[Event "Valasska Bystrice op 11th"]
[Site "Valasska Bystrice"]
[Date "2019.09.09"]
[Round "4"]
[White "Klima, Martin"]
[Black "Vanhara, Petr"]
[Result "0-1"]
[WhiteElo "1557"]
[BlackElo "1722"]
[PlyCount "96"]
[EventDate "2019.09.07"]
[EventType "swiss"]
[EventRounds "9"]
[EventCountry "CZE"]
[SourceTitle "EXT 2020"]
[Source "ChessBase"]
[SourceDate "2019.10.17"]
[SourceVersion "1"]
[SourceVersionDate "2019.10.17"]
[SourceQuality "1"]

1. c4 c6 2. e4 e6 3. Nc3 d5 4. Nf3 d4 5. Na4 c5 6. b3 Nc6 7. Nb2 Be7 8. Be2 b6 9. d3 e5 10. 0-0 Nf6 11. Bd2 0-0 12. a3 Re8 13. Rb1 Qc7 14. Na4 a5 15. Ne1 Bd6 16. Nc2 Bd7 17. Nb2 h6 18. Qe1 Ne7 19. b4 axb4 20. axb4 Reb8 21. b5 Ng6 22. Qc1 Kh7 23. g3 Bh3 24. Re1 Qd7 25. Bf3 Rg8 26. Qd1 Ng4 27. Bg2 Bxg2 28. Kxg2 f5 29. f3 Nf6 30. Qe2 h5 31. Rf1 f4 32. Be1 Kh6 33. Qd2 Nh7 34. Kh1 Ng5 35. Qg2 Qh3 36. Bd2 Qxg2+ 37. Kxg2 Kh7 38. Nd1 Ra2 39. Rc1 Ne6 40. Nf2 Rga8 41. Rfd1 Be7 42. Ra1 Bg5 43. Nh3 Bh6 44. Kf1 fxg3 45. Rxa2 Rxa2 46. Bxh6 gxh2 47. Nf2 Kxh6 48. Rc1 Nef4 0-1

[Event "Valasska Bystrice op"]
[Site "Valasska Bystrice"]
[Date "2017.09.15"]
[Round "8"]
[White "Obsivacova, Jana"]
[Black "Vanhara, Petr"]
[Result "0-1"]
[WhiteElo "1187"]
[BlackElo "1748"]
[PlyCount "140"]
[EventDate "2017.09.09"]
[EventType "swiss"]
[EventRounds "9"]
[EventCountry "CZE"]
[SourceTitle "CBM 180 Extra"]
[Source "ChessBase"]
[SourceDate "2017.10.06"]
[SourceVersion "1"]
[SourceVersionDate "2017.10.06"]
[SourceQuality "1"]

1. e4 e5 2. Nf3 Nc6 3. Bc4 Nf6 4. d4 exd4 5. e5 d5 6. Bb5 Ne4 7. Nxd4 Bc5 8. Bxc6+ bxc6 9. 0-0 Bd7 10. f3 Ng5 11. f4 Ne4 12. Be3 Qe7 13. Nd2 Nxd2 14. Qxd2 0-0 15. Nb3 Bb6 16. Qc3 f6 17. Bc5 Bxc5+ 18. Qxc5 Qxc5+ 19. Nxc5 Bf5 20. c3 fxe5 21. fxe5 Rae8 22. Rae1 Bc8 23. Re3 Rf7 24. Rxf7 Kxf7 25. h4 g6 26. Kf2 Ke7 27. a4 Bg4 28. c4 Rf8+ 29. Kg3 h5 30. Na6 Kd8 31. Nb8 d4 32. Nxc6+ Kd7 33. Nxd4 c5 34. Nc2 Ke6 35. b4 Bd1 36. Ne1 cxb4 37. Nd3 Rf5 38. Nc5+ Ke7 39. Nd3 b3 40. c5 Rf8 41. Nb2 Ke6 42. Nxd1 Rb8 43. c6 Rc8 44. Kf4 Rxc6 45. Rxb3 Rc4+ 46. Kg5 Rg4+ 47. Kh6 Rxg2 48. Re3 Rg4 49. Nc3 Rxh4 50. Kxg6 Rh1 51. Nb5 Rg1+ 52. Kh6 a5 53. Nd4+ Ke7 54. e6 Rg4 55. Nf5+ Ke8 56. Rb3 Rb4 57. Rc3 Rb8 58. Rg3 Kf8 59. e7+ Kf7 60. Rg7+ Kf6 61. Nd6 Rh8+ 62. Rh7 Rxh7+ 63. Kxh7 Kxe7 64. Nc4 h4 65. Ne3 h3 66. Nf1 Kd6 67. Kg6 Kc5 68. Kf5 Kb4 69. Ke4 Kxa4 70. Kd5 Kb3 0-1

[Event "Valasska Bystrice op"]
[Site "Valasska Bystrice"]
[Date "2016.09.17"]
[Round "9"]
[White "Vanhara, Petr"]
[Black "Slanicay, Gabriel"]
[Result "0-1"]
[WhiteElo "1776"]
[BlackElo "1702"]
[PlyCount "52"]
[EventDate "2016.09.10"]
[EventType "swiss"]
[EventRounds "9"]
[EventCountry "CZE"]
[SourceTitle "CBM 174 Extra"]
[Source "ChessBase"]
[SourceDate "2016.10.10"]
[SourceVersion "1"]
[SourceVersionDate "2016.10.10"]
[SourceQuality "1"]

1. e4 e5 2. Nf3 Nc6 3. Bb5 f5 4. Nc3 Nf6 5. d3 Bb4 6. exf5 0-0 7. Bg5 Nd4 8. Ba4 d6 9. 0-0 Bxc3 10. bxc3 Nxf5 11. Bb3+ Kh8 12. Nd2 h6 13. h4 hxg5 14. hxg5 Nh7 15. Qh5 Qxg5 16. Qe2 Nh4 17. f3 Nf5 18. Ne4 Qe3+ 19. Qxe3 Nxe3 20. Kf2 Nf5 21. Rh1 Nh6 22. Rh2 Ng4+ 23. Kg3 Nxh2 24. Rh1 Nxf3 25. gxf3 Bf5 26. Ng5 Bg6 0-1

[Event "Valasska Bystrice op"]
[Site "Valasska Bystrice"]
[Date "2016.09.12"]
[Round "4"]
[White "Jirousek, Tadeas"]
[Black "Vanhara, Petr"]
[Result "1/2-1/2"]
[WhiteElo "1577"]
[BlackElo "1776"]
[PlyCount "71"]
[EventDate "2016.09.10"]
[EventType "swiss"]
[EventRounds "9"]
[EventCountry "CZE"]
[SourceTitle "CBM 174 Extra"]
[Source "ChessBase"]
[SourceDate "2016.10.10"]
[SourceVersion "1"]
[SourceVersionDate "2016.10.10"]
[SourceQuality "1"]

1. d4 d5 2. Nf3 Nf6 3. e3 c6 4. Bd3 e6 5. Nbd2 Nbd7 6. 0-0 Be7 7. c3 b6 8. Re1 Bb7 9. e4 dxe4 10. Nxe4 Nxe4 11. Bxe4 Nf6 12. Bc2 c5 13. Ba4+ Kf8 14. Ne5 Rc8 15. Bb3 cxd4 16. cxd4 h6 17. Nxf7 Kxf7 18. Bxe6+ Kf8 19. Bxc8 Qxc8 20. Bf4 Qd7 21. Rc1 Bd6 22. Be5 Kf7 23. Bxf6 Kxf6 24. d5 Bxd5 25. Qd4+ Kg6 26. Qd3+ Kf6 27. Qd4+ Kg6 28. Rcd1 Rd8 29. Re2 Bc5 30. Qd3+ Kf7 31. Red2 Qg4 32. Qg3 Qxg3 33. hxg3 Ke6 34. Re2+ Kd6 35. Red2 Ke6 36. Re2+ 1/2-1/2

[Event "Valasska Bystrice op"]
[Site "Valasska Bystrice"]
[Date "2016.09.11"]
[Round "3"]
[White "Vanhara, Petr"]
[Black "Kunc, Miroslav"]
[Result "1-0"]
[WhiteElo "1776"]
[BlackElo "1553"]
[PlyCount "85"]
[EventDate "2016.09.10"]
[EventType "swiss"]
[EventRounds "9"]
[EventCountry "CZE"]
[SourceTitle "CBM 174 Extra"]
[Source "ChessBase"]
[SourceDate "2016.10.10"]
[SourceVersion "1"]
[SourceVersionDate "2016.10.10"]
[SourceQuality "1"]

1. e4 e5 2. Nf3 Nc6 3. Bb5 a6 4. Bxc6 dxc6 5. 0-0 Bg4 6. h3 h5 7. d3 Qf6 8. Nbd2 Bd7 9. Re1 Bd6 10. d4 Qe7 11. Nc4 f6 12. c3 0-0-0 13. Qc2 g5 14. dxe5 Bxe5 15. Ncxe5 fxe5 16. Bxg5 Qg7 17. h4 Rf8 18. Nd2 Nh6 19. g3 Nf7 20. Nf3 Bg4 21. Re3 Bxf3 22. Rxf3 Nxg5 23. Rxf8+ Rxf8 24. hxg5 Qxg5 25. Qe2 h4 26. Kg2 Rd8 27. Rd1 hxg3 28. Rxd8+ Kxd8 29. fxg3 Ke7 30. Qf2 Kd6 31. Qf8+ Kd7 32. Qf5+ Qxf5 33. exf5 Ke7 34. Kf3 c5 35. Ke4 Kd6 36. g4 c4 37. g5 b5 38. a3 a5 39. g6 Ke7 40. Kxe5 c5 41. f6+ Kf8 42. Ke6 b4 43. g7+ 1-0

[Event "Valasska Bystrice op"]
[Site "Valasska Bystrice"]
[Date "2016.09.10"]
[Round "1"]
[White "Vanhara, Petr"]
[Black "Karlik, Vladimir"]
[Result "0-1"]
[WhiteElo "1776"]
[BlackElo "2247"]
[PlyCount "68"]
[EventDate "2016.09.10"]
[EventType "swiss"]
[EventRounds "9"]
[EventCountry "CZE"]
[SourceTitle "CBM 174 Extra"]
[Source "ChessBase"]
[SourceDate "2016.10.10"]
[SourceVersion "1"]
[SourceVersionDate "2016.10.10"]
[SourceQuality "1"]

1. e4 g6 2. d4 Bg7 3. Be3 c6 4. Nc3 d6 5. h3 Nd7 6. Qd2 b5 7. Bd3 Qc7 8. f4 Nb6 9. b3 Bb7 10. Nf3 Nf6 11. 0-0 0-0 12. f5 b4 13. Ne2 c5 14. e5 dxe5 15. dxe5 Ne4 16. Bxe4 Bxe4 17. Bh6 Bxf3 18. Rxf3 Qxe5 19. Bxg7 Kxg7 20. Raf1 Rad8 21. Qe1 Nd5 22. Qf2 Nf6 23. Re3 Qc7 24. Nf4 c4 25. bxc4 Qc5 26. fxg6 hxg6 27. Kh1 Rd7 28. Qe2 Rfd8 29. Re5 Qc7 30. Nd5 Nxd5 31. cxd5 Kg8 32. Qf3 Qxe5 33. Qxf7+ Kh8 34. Qxg6 Rd6 0-1

[Event "Valasska Bystrice op"]
[Site "Valasska Bystrice"]
[Date "2013.09.11"]
[Round "6"]
[White "Vanhara, Petr"]
[Black "Romanek, Zdenek"]
[Result "1-0"]
[WhiteElo "1859"]
[BlackElo "1662"]
[PlyCount "37"]
[EventDate "2013.09.07"]
[EventType "swiss"]
[EventRounds "9"]
[EventCountry "CZE"]
[SourceTitle "CBM 156 Extra"]
[Source "ChessBase"]
[SourceDate "2013.10.22"]
[SourceVersion "1"]
[SourceVersionDate "2013.10.22"]
[SourceQuality "1"]

1. e4 c5 2. Nf3 d6 3. d4 cxd4 4. Nxd4 Nf6 5. Nc3 a6 6. Bg5 e6 7. f4 Be7 8. Qf3 Qc7 9. 0-0-0 b5 10. e5 Bb7 11. Qg3 dxe5 12. fxe5 Nh5 13. Qh4 Bxg5+ 14. Qxg5 g6 15. Bxb5+ axb5 16. Ndxb5 Qb6 17. Nd6+ Kf8 18. Rhf1 h6 19. Rxf7+ 1-0

[Event "Stare Mesto op"]
[Site "Stare Mesto"]
[Date "2008.08.08"]
[Round "1"]
[White "Jurcik, Marian"]
[Black "Vanhara, Petr"]
[Result "1-0"]
[WhiteElo "2378"]
[BlackElo "1884"]
[PlyCount "57"]
[EventDate "2008.08.08"]
[EventType "swiss"]
[EventRounds "10"]
[EventCountry "CZE"]
[SourceTitle "CBM 125 Extra"]
[Source "ChessBase"]
[SourceDate "2008.09.01"]
[SourceVersion "1"]
[SourceVersionDate "2008.09.01"]
[SourceQuality "1"]

1. e4 e5 2. Nf3 Nc6 3. Bb5 a6 4. Ba4 Nf6 5. 0-0 Be7 6. Qe2 b5 7. Bb3 d6 8. c3 Bb7 9. d4 0-0 10. Rd1 exd4 11. cxd4 Na5 12. Bc2 Re8 13. e5 Nd7 14. Nc3 Nf8 15. Ne4 h6 16. Qd2 Nc4 17. Qf4 Ng6 18. Qg3 Qd7 19. Nf6+ Bxf6 20. exf6 Bxf3 21. Qxf3 Qe6 22. g3 d5 23. fxg7 Kxg7 24. b3 Nd6 25. h4 Ne4 26. h5 Ne7 27. Bf4 c6 28. Re1 Nf5 29. Qd3 1-0

[Event "Stare Mesto op"]
[Site "Stare Mesto"]
[Date "2007.08.10"]
[Round "1"]
[White "Meyer, Malte"]
[Black "Vanhara, Petr"]
[Result "1-0"]
[WhiteElo "2285"]
[BlackElo "1909"]
[PlyCount "65"]
[EventDate "2007.08.10"]
[EventType "swiss"]
[EventRounds "10"]
[EventCountry "CZE"]
[SourceTitle "CBM 119 Extra"]
[Source "ChessBase"]
[SourceDate "2007.09.04"]
[SourceVersion "1"]
[SourceVersionDate "2007.09.04"]
[SourceQuality "1"]

1. d4 Nf6 2. c4 g6 3. Nc3 d5 4. cxd5 Nxd5 5. e4 Nxc3 6. bxc3 Bg7 7. Bc4 0-0 8. Ne2 c5 9. 0-0 Nc6 10. Be3 Qc7 11. Rc1 Rd8 12. Qd2 Qa5 13. Rfd1 cxd4 14. cxd4 Qxd2 15. Rxd2 b6 16. Bd5 Rxd5 17. exd5 Nb4 18. Nf4 Bf5 19. a3 Na6 20. f3 Rd8 21. g4 Bc8 22. Kf2 Bf6 23. Kg3 Bb7 24. h4 Rd6 25. Rdc2 e5 26. dxe6 fxe6 27. Rd2 Kf7 28. h5 e5 29. dxe5 Rxd2 30. hxg6+ hxg6 31. e6+ Kg7 32. Bxd2 Bb2 33. Be3 1-0